000 00545nam a22001817a 4500
003 PILC
005 20151026154232.0
008 140114b xxu||||| |||| 00| 0 eng d
020 _a9781906345723
050 _aLB 1078
_b.H453 2012
100 _aHedges, Laurence
245 _aApproaches to learning :
_ba practical guide /
_cLaurence Hedges, Lance King, Graham Maclure and Laura Swash
260 _aUnited Kingdom :
_bIBO,
_c2012.
300 _a226 p. :
_bill. col. ;
_c28 cm.
700 _aKing, Lance
942 _2lcc
_cBK
999 _c26059
_d26059